| 000 | 00597nam a22001937a 4500 | ||
|---|---|---|---|
| 999 |
_c103936 _d103936 |
||
| 005 | 20230522111710.0 | ||
| 010 | _aENG-116198 | ||
| 020 |
_a9789380677699 _c950.00 |
||
| 035 | _aEN-99730 | ||
| 037 | _bDBAD/PUB | ||
| 082 | _a335.40954 | ||
| 100 | _aMohanty, Manoranjan | ||
| 245 |
_aRed and green : _cby Manoranjan Mohanty _bfive decades of the Indian maoist movement / |
||
| 260 |
_aKolkata _bSetu Prakashani _c2015 |
||
| 270 |
_a128/A,Sankar Ghosh Lane _bKolkata _e700006 |
||
| 300 |
_aviii,513p. _c21cm(Hb) |
||
| 500 | _aIncludes index | ||
| 942 |
_2ddc _cEN _h335.40954 _mMOH |
||